Оценка возможности применения модифицированных планарных графитовых электродов для определения белков-онкомаркеров; Перспективы развития фундаментальных наук; Т. 2 : Химия

Detalles Bibliográficos
Parent link:Перспективы развития фундаментальных наук=Prospects of Fundamental Sciences Development: сборник научных трудов XIV Международной конференции студентов, аспирантов и молодых ученых, г. Томск, 25-28 апреля 2017 г./ Национальный исследовательский Томский политехнический университет (ТПУ) ; под ред. И. А. Курзиной, Г. А. Вороновой.— , 2017
Т. 2 : Химия.— 2017.— [С. 105-107]
Autor Principal: Рыжинская К. А.
Autor Corporativo: Национальный исследовательский Томский политехнический университет (ТПУ)
Outros autores: Шабалина А. В. (научный руководитель), Светличный В. А.
Summary:Заглавие с экрана
Screen-printed carbon electrodes were modified with gold nanoparticles bound with DNA-aptamers by two different methods. Aptamers can selectively bind protein tumor markers from the blood plasma. The electrodes were tested. Signals obtained via squire-wavy voltammetry from modified electrodes covered with blood plasma of the healthy donors and donors with lung cancer can be distinguished.
Idioma:ruso
Publicado: 2017
Subjects:
Acceso en liña:http://earchive.tpu.ru/handle/11683/41353
Formato: MixedMaterials Electrónico Capítulo de libro
KOHA link:https://koha.lib.tpu.ru/cgi-bin/koha/opac-detail.pl?biblionumber=622743

MARC

LEADER 00000naa2a2200000 4500
001 622743
005 20231101133228.0
035 |a (RuTPU)RU\TPU\conf\21545 
035 |a RU\TPU\conf\21544 
090 |a 622743 
100 |a 20170706d2017 k y0rusy50 ca 
101 0 |a rus  |d eng 
102 |a RU 
105 |a y z 100zy 
135 |a drcn ---uucaa 
181 0 |a i  
182 0 |a b 
200 1 |a Оценка возможности применения модифицированных планарных графитовых электродов для определения белков-онкомаркеров  |d Modified screen-printed carbon electrodes application for protein tumor markers determination  |f К. А. Рыжинская, А. В. Шабалина  |g науч. рук. В. А. Светличный 
203 |a Текст  |c электронный 
230 |a 1 компьютерный файл (pdf; 765 Kb) 
300 |a Заглавие с экрана 
320 |a [Библиогр.: с. 107 (5 назв.)] 
330 |a Screen-printed carbon electrodes were modified with gold nanoparticles bound with DNA-aptamers by two different methods. Aptamers can selectively bind protein tumor markers from the blood plasma. The electrodes were tested. Signals obtained via squire-wavy voltammetry from modified electrodes covered with blood plasma of the healthy donors and donors with lung cancer can be distinguished. 
461 1 |0 (RuTPU)RU\TPU\conf\21388  |t Перспективы развития фундаментальных наук  |l Prospects of Fundamental Sciences Development  |o сборник научных трудов XIV Международной конференции студентов, аспирантов и молодых ученых, г. Томск, 25-28 апреля 2017 г.  |o в 7 т.  |f Национальный исследовательский Томский политехнический университет (ТПУ) ; под ред. И. А. Курзиной, Г. А. Вороновой  |d 2017 
463 1 |0 (RuTPU)RU\TPU\conf\21390  |t Т. 2 : Химия  |v [С. 105-107]  |d 2017 
510 1 |a Modified screen-printed carbon electrodes application for protein tumor markers determination  |z eng 
610 1 |a труды учёных ТПУ 
610 1 |a электронный ресурс 
610 1 |a вольтамперометрические методы 
610 1 |a электрохимические датчики 
610 1 |a биологические молекулы 
610 1 |a индикаторные электроды 
610 1 |a индикаторные электроды 
700 1 |a Рыжинская  |b К. А. 
701 1 |a Шабалина  |b А. В. 
702 1 |a Светличный  |b В. А.  |4 727 
712 0 2 |a Национальный исследовательский Томский политехнический университет (ТПУ)  |c (2009- )  |2 stltpush  |3 (RuTPU)RU\TPU\col\15902 
801 2 |a RU  |b 63413507  |c 20170718  |g RCR 
856 4 |u http://earchive.tpu.ru/handle/11683/41353 
942 |c BK